=LDR 00000nam 2200000 4500 =001 NUTBA000000000001542 =005 20200304101723 =035 ##$$a 0010-051400000000007 =008 200304################g##########0#ind## =020 ##$$a 979-25-4515-8 =082 ##$$a 297.27 =100 ##$$a khoiriyah =245 1#$$a Islam dan logika modern : $b Mengupas pemahaman pembaruan islam /$c Khoiriyah =250 ##$$a CET.11 =260 ##$$a jogjakarta :$b AR-Ruzz,$c 2012 =300 ##$$a 158 hlm ; $c 21 x 14 cm =084 ##$$a 297.27 KHO i =500 ##$$a Indeks: halaman 151-155 =650 #4$$a Pemikiran islam =504 ##$$a Bibliografi: halaman 141-150 =990 ##$$a 21302905 =990 ##$$a 21302906 =990 ##$$a 21302904 =990 ##$$a 21302908 =990 ##$$a 21302907